000 00483nam a2200193Ia 4500
005 20240823023745.0
008 240823s9999||||xx |||||||||||||| ||und||
020 _a0-07-116010-8
041 _aENGLISH
082 _A629.1341 N9
100 _aAnderson D John
245 0 _aAircraft Performance and Design
250 _a1st
260 _c1999
_bMcGraw-Hill International Edi
500 _aYES
650 _aAirGraft
_bAeronautical Engineering
942 _cBK
999 _c182306
_d182306